• 首页
  • 本馆介绍
  • 公告通知
  • 最新文献
  • 馆藏检索
  • 电子资源
  • 读者导购
  • 参考咨询
  • 我的图书馆
  • 登录
  • 详细信息显示
  • 放入我的书架
  • 预约/预借图书
  • 作者相关作品
  • 分类相关作品
  • 丛书相关作品
  • 出版社相关作品

书目信息

  • 表格格式
  • 工作单格式
  • 卡片格式
题名:
中药炮制技术
    
 
作者: 邓戈 主编
分册:  
出版信息: 郑州   郑州大学出版社  2015.07
页数: 246页
开本: 26cm
丛书名:
单 册:
中图分类: R283
科图分类:
主题词:
电子资源:
ISBN: 978-7-5645-2267-4
000 01027nam0 2200229 450
001 1181
005 20180927145219.97
010    @a978-7-5645-2267-4@dCNY29.00
100    @a20151101d2015 em y0chiy50 ea
101 0  @achi
102    @aCN@b410000
105    @ay z 000yy
200 1  @a中药炮制技术@9zhong yao pao zhi ji shu@f邓戈主编
210    @a郑州@c郑州大学出版社@d2015.07
215    @a246页@d26cm
300    @a国家中等职业教育改革发展示范学校建设项目规划教材 供药物制剂技术、中药制药技术、药物分析检验、化学制药工艺、制药机械与维修、药品经营与管理等专业使用
330    @a本书以工作任务为中心组织课程内容,以中药炮制工艺的理论和应用知识为主线,包括中药炮制必备知识、中药炮制相关法规及饮片生产GMP相关规定、安全知识,常用药物的炮制操作方法、炮制作用及生产中的操作要求等15个项目,重点是职业能力的培养,又融合了相关职业资格证书对知识、技能及综合素质的要求。
610 0  @a中药炮制学@x中等职业教育@j教材
690    @aR283@v5
701  0 @a邓戈@9deng ge@4主编
801  0 @aCN@b91MARC@c20151101
905    @aMuseLib@dR283@e450
    
    中药炮制技术/邓戈主编.-郑州:郑州大学出版社,2015.07
    246页;26cm
    国家中等职业教育改革发展示范学校建设项目规划教材 供药物制剂技术、中药制药技术、药物分析检验、化学制药工艺、制药机械与维修、药品经营与管理等专业使用
    
    ISBN 978-7-5645-2267-4:CNY29.00
    本书以工作任务为中心组织课程内容,以中药炮制工艺的理论和应用知识为主线,包括中药炮制必备知识、中药炮制相关法规及饮片生产GMP相关规定、安全知识,常用药物的炮制操作方法、炮制作用及生产中的操作要求等15个项目,重点是职业能力的培养,又融合了相关职业资格证书对知识、技能及综合素质的要求。
●
相关链接 在E读中查询图书 在五车中查询图书 在当当中查询图书 在豆瓣中查询图书


正题名:中药炮制技术     索取号:R283/450         预约/预借

序号 登录号 条形码 馆藏地/架位号 状态 备注
1 1121559   211215594   第二样本阅览室/ [索取号:R283/450] 在馆    
2 1121560   211215601   密集书库-生命科学系/ [索取号:R283/450] 在馆    
3 1121561   211215610   第三借阅区/ [索取号:R283/450] 在馆    
4 1121562   211215629   第三借阅区/ [索取号:R283/450] 在馆    
5 1121563   211215638   第三借阅区/ [索取号:R283/450] 在馆    
唐山师范学院图书馆 欢迎您!
大连网信软件有限公司© 版权所有